Aminoacids - Statistics

General Stats
  • This quiz has been taken 70 times
  • The average score is 57 of 80
Answer Stats
Question Tile Select % Correct
hydrophobic Aminoacids with unpolar sidechains Glutamate No
100%
hydrophobic Aminoacids with unpolar sidechains Glutamine No
100%
hydrophobic Aminoacids with unpolar sidechains Threonine No
100%
hydrophobic Aminoacids with unpolar sidechains Alanine Yes
97%
hydrophobic Aminoacids with unpolar sidechains Arginine No
97%
hydrophobic Aminoacids with unpolar sidechains Asparagine No
97%
hydrophobic Aminoacids with unpolar sidechains Aspartate No
97%
hydrophobic Aminoacids with unpolar sidechains Histidine No
97%
hydrophobic Aminoacids with unpolar sidechains Leucin Yes
97%
hydrophobic Aminoacids with unpolar sidechains Cysteine No
94%
hydrophobic Aminoacids with unpolar sidechains Isoleucine Yes
94%
hydrophobic Aminoacids with unpolar sidechains Serine No
94%
hydrophobic Aminoacids with unpolar sidechains Valine Yes
94%
hydrophobic Aminoacids with unpolar sidechains Lysine No
92%
hydrophobic Aminoacids with unpolar sidechains Glycine Yes
89%
hydrophobic Aminoacids with unpolar sidechains Tyrosine No
89%
polar aminoacids with neutral side chains Alanine No
78%
polar aminoacids with neutral side chains Aspartate No
78%
polar aminoacids with neutral side chains Isoleucine No
78%
polar aminoacids with neutral side chains Leucin No
78%
polar aminoacids with neutral side chains Valine No
78%
polar aminoacids with neutral side chains Glutamate No
75%
positively charged amino acids Alanine No
72%
negatively charged amino acids Asparagine No
72%
positively charged amino acids Glycine No
72%
negatively charged amino acids Glycine No
72%
positively charged amino acids Isoleucine No
72%
negatively charged amino acids Isoleucine No
72%
negatively charged amino acids Leucin No
72%
polar aminoacids with neutral side chains Phenylalanine No
72%
positively charged amino acids Phenylalanine No
72%
negatively charged amino acids Phenylalanine No
72%
polar aminoacids with neutral side chains Proline No
72%
negatively charged amino acids Proline No
72%
positively charged amino acids Valine No
72%
negatively charged amino acids Valine No
72%
negatively charged amino acids Alanine No
69%
polar aminoacids with neutral side chains Arginine No
69%
negatively charged amino acids Glutamine No
69%
polar aminoacids with neutral side chains Glycine No
69%
positively charged amino acids Leucin No
69%
polar aminoacids with neutral side chains Lysine No
69%
hydrophobic Aminoacids with unpolar sidechains Methionine Yes
69%
positively charged amino acids Methionine No
69%
negatively charged amino acids Methionine No
69%
hydrophobic Aminoacids with unpolar sidechains Proline Yes
69%
positively charged amino acids Proline No
69%
positively charged amino acids Serine No
69%
positively charged amino acids Threonine No
69%
polar aminoacids with neutral side chains Tryptophane No
69%
negatively charged amino acids Cysteine No
67%
polar aminoacids with neutral side chains Histidine No
67%
polar aminoacids with neutral side chains Methionine No
67%
negatively charged amino acids Serine No
67%
negatively charged amino acids Tryptophane No
67%
positively charged amino acids Tyrosine No
67%
negatively charged amino acids Tyrosine No
67%
negatively charged amino acids Arginine No
64%
positively charged amino acids Glutamine No
64%
hydrophobic Aminoacids with unpolar sidechains Phenylalanine Yes
64%
polar aminoacids with neutral side chains Threonine Yes
64%
negatively charged amino acids Threonine No
64%
positively charged amino acids Tryptophane No
64%
positively charged amino acids Cysteine No
61%
negatively charged amino acids Histidine No
61%
negatively charged amino acids Lysine No
61%
negatively charged amino acids Aspartate Yes
58%
polar aminoacids with neutral side chains Cysteine Yes
58%
negatively charged amino acids Glutamate Yes
58%
positively charged amino acids Asparagine No
56%
positively charged amino acids Aspartate No
53%
positively charged amino acids Glutamate No
53%
positively charged amino acids Lysine Yes
53%
positively charged amino acids Arginine Yes
50%
polar aminoacids with neutral side chains Asparagine Yes
50%
positively charged amino acids Histidine Yes
50%
polar aminoacids with neutral side chains Glutamine Yes
47%
polar aminoacids with neutral side chains Serine Yes
47%
hydrophobic Aminoacids with unpolar sidechains Tryptophane Yes
47%
polar aminoacids with neutral side chains Tyrosine Yes
42%
No matching quizzes found
Score Distribution
Percent of People with Each Score
Percentile by Number Answered
Your Score History
You have not taken this quiz